000 00702nam a22002297a 4500
003 UA-OsUOA
001 80115
007 ta
008 20111129b un ||||| |||| 00| 0 ukr d
090 _a821.161.2
_bВ55
942 _cBK
040 _aUA-OsUOA
_bukr
_cUA-OsUOA
_dUA-OsUOA
245 _aВіщий Тарас
_bПоетична Шевченкіана ХІХ - ХХІ століть в 2-х томах
_cупор. Портянко В.
_n1
300 _a336 с.
955 _a3
041 _aukr
080 _a821.161.2
020 _a966-8332-16-4
260 _aВінниця
_bТірас
_c2004
650 7 _a82 Література. Літературознавство
_2UDC
999 _c366430
_d366430